Diagnóstico nacional del desarrollo tecnológico de los sistemas de control de calidad

保存先:
書誌詳細
第一著者: Acuña Mora, Armando, 1963-
その他の著者: Gazel Zaglul, Layla, 1962-, Hernández Wray, Sonia Ester, 1961-
フォーマット: 図書
出版事項: San José, Costa Rica 1987
主題:
タグ: タグ追加
タグなし, このレコードへの初めてのタグを付けませんか!

MARC

LEADER 00000nam a2200000Ia 4500
003 007233
005 20231207142839.0
008 140114s1987 cr a m 000 ||s d
040 |c cru CEDI 
090 |a TFG 2973 
100 |a Acuña Mora, Armando, 1963-  |9 2022 
245 |a Diagnóstico nacional del desarrollo tecnológico de los sistemas de control de calidad 
260 |a San José, Costa Rica  |c 1987 
300 |a  xii 148 [190] hojas ; 27 cm  
500 |a Proyecto de graduación (bachiller en ingeniería industrial) 
501 |a Director de Proyecto de Graduación: Ing. Alfredo Vargas 
650 |x CONTROL DE CALIDAD  |9 11736 
700 |a Gazel Zaglul, Layla, 1962-  |9 2021 
700 |a Hernández Wray, Sonia Ester, 1961-  |9 2019 
942 |c TFG  |h TFG 2973  |i 007233  |6 TFG_2973_007233000000000 
999 |c 19775  |d 19775